000 00329nam a2200121 4500
999 _c10298
_d10298
008 180820b ||||| |||| 00| 0 eng d
100 _930379
_aReyes, Kaycee
245 _aManaging Hirsutism/
_cKaycee Reyes
260 _aPhilippines
_bManila Bulletin
_cc2016
300 _apage C1.
650 0 _930380
_aHealth.
942 _2ddc
_cPER